Countries that Start with M - Alphabetical Order - Statistics

General Stats
  • This quiz has been taken 44 times
  • The average score is 13 of 17
Answer Stats
Country % Correct
Malawi
88%
Mauritania
88%
Mauritius
84%
Madagascar
80%
Malaysia
80%
Mali
80%
Moldova
80%
Montenegro
80%
Myanmar
80%
Maldives
76%
Mexico
76%
Monaco
76%
Malta
68%
Marshall Islands
68%
Morocco
68%
Mongolia
64%
Mozambique
64%
No matching quizzes found
Score Distribution
Percent of People with Each Score
Percentile by Number Answered
Your Score History
You have not taken this quiz